000 01996nam0a22003251 4500
001 rc\3780752
005 20120207130449.8
021 _aRU
_b[75-29159]
035 _a(NLR Aleph) 007235963
090 _a7741987
_c7741987
100 _a20120207d1975 |||y0rusy50 ca
101 0 _arus
102 _aRU
105 _aa z |||||
200 1 _aПрименение ЭВМ в системах управления технологическими процессами нефтепереработки и нефтехимии
_fМ-во нефтеперерабатывающей и нефтехим. пром-сти СССР. Центр. науч.-исслед. ин-т информации и техн.-экон. исследований нефтеперерабатывающей и нефтехим. пром-сти
210 _aМосква
_cЦНИИТЭнефтехим
_d1975
215 _a84 с.
_cсхем.
_d20
225 1 _a[Тематический обзор]
_iСерия "Автоматизация и контрольно-измерительные приборы"
300 _aНа обл. авт. не указаны
320 _aСписок лит.: с. 81-82 (21 назв.)
532 1 2 _aПрименение электронных вычислительных машин в системах управления технологическими процессами нефтепереработки и нефтехимии
606 _aНефтехимические заводы
_xУправление
_xМатематические методы
_2psbo
606 _aНефтеперерабатывающие заводы
_xУправление
_xМатематические методы
_2psbo
700 1 _aКузьмин
_bС. Т.
_gСтанислав Тимофеевич
701 1 _aКозлов
_bИ. А.
_gИгорь Александрович
801 0 _aRU
_bNLR
_gpsbo
801 1 _aRU
_bELAR
_2rusmarc
852 _aNLR
_j75-4/6037
942 _cBOOK
980 _aNB